000 00888nam a2200253Ia 4500
003 OSt
005 20220923211251.0
006 a|||||r|||| 00| 0
007 ta
008 220922b |||||||| |||| 00| 0 pan d
020 _a9788178834960 (hbk)
_c350
024 _a284,621
037 _b934, 23/03/2015, H.K. Prakashan
_cTextual
040 _aARTS
_cARTS
_bpan
041 _2pan
_apan
082 _aP153:3, P8;Q2
100 _aਬਰਾੜ, ਬੂਟਾ ਸਿੰਘ
245 0 _aਪੰਜਾਬੀ ਵਿਆਕਰਨ
_b ਸਿਧਾਂਤ ਅਤੇ ਵਿਹਾਰ
260 _aਲੁਧਿਆਣਾ
_b ਚੇਤਨਾ ਪ੍ਰਕਾFਨ
_c2012
300 _a272ਪੰ
_ccm.
650 _aਪੰਜਾਬੀ ਭਾFਾ
942 _hP153:3, P8;Q2
_cTEXL
_2CC
999 _c297964
_d297964